Republicans Primaried by Trump - Statistics

General Stats
  • This quiz has been taken 8 times
  • The average score is 7 of 10
Answer Stats
State/District/Year Name % Correct
Texas/2nd/2026 Dan Crenshaw
100%
Virginia/5th/2024 Bob Good
86%
Washington/3rd/2022 Jaime Herrera Beutler
86%
Wyoming/At-Large/2022 Liz Cheney
86%
Michigan/3rd/2022 Peter Meijer
86%
Iowa/4th/2020 Steve King
71%
South Carolina/1st/2018 Mark Sanford
57%
West Virginia/2nd/2022 David McKinley
43%
Illinois/15th/2022 Rodney Davis
43%
South Carolina/7th/2022 Tom Rice
43%
No matching quizzes found
Score Distribution
Percent of People with Each Score
Percentile by Number Answered
Your Score History
You have not taken this quiz